000 00704nam a2200277Ia 4500
003 OSt
005 20221006144423.0
006 a|||||r|||| 00| 0
007 ta
008 221006b |||||||| |||| 00| 0 eng d
020 _c30.00
024 _a11,654
037 _cTextual
040 _aEASL
_cEASL
_beng
041 _2eng
_aeng
082 _aV1:19.N7, M1
100 _aCHHABRA H. K.
245 0 _aForeign policies of major countries
260 _aDelhi
_bSurjeet Pub. India
_c1981
300 _a154p.
_ccm.
490 _v Gen
650 _a Gen
650 _aForeign - Relations
_932171
942 _hV1:19.N7, M1
_cTEXL
_2CC
999 _c1079740
_d1079740